[Event "La Piazzetta op 1st"]
[Site "Casalpusterlengo"]
[Date "2014.10.05"]
[Round "4"]
[White "Trifoni, Giorgio"]
[Black "Giuria, Abramo"]
[Result "0-1"]
[WhiteElo "1682"]
[BlackElo "1714"]
[PlyCount "126"]
[EventDate "2014.10.03"]
[EventType "swiss"]
[EventRounds "5"]
[EventCountry "ITA"]
[SourceTitle "EXT 2016"]
[Source "ChessBase"]
[SourceDate "2015.10.08"]
[SourceVersion "1"]
[SourceVersionDate "2015.10.08"]
[SourceQuality "1"]

1. Nf3 d5 2. c4 c6 3. d4 Nf6 4. Nc3 e6 5. b3 Nbd7 6. Bb2 Bd6 7. c5 Bc7 8. b4 e5 9. dxe5 Nxe5 10. Nxe5 Bxe5 11. Qc2 Qe7 12. e3 d4 13. exd4 Bxd4+ 14. Be2 Bg4 15. 0-0 0-0 16. Bxg4 Nxg4 17. Rae1 Qh4 18. h3 Be5 19. Re4 f5 20. Rc4 Qh5 21. Ne2 Bc7 22. Nf4 Bxf4 23. Rxf4 Nh6 24. Qc3 Qg6 25. Re1 Rae8 26. Re5 Rxe5 27. Qxe5 Re8 28. Qc3 Qf6 29. Qd2 Qe6 30. Kh2 Qxa2 31. Qc3 Qf7 32. g4 Re4 33. Rf3 Qc7+ 34. Kg2 fxg4 35. Qb3+ Nf7 36. hxg4 Rxg4+ 37. Kh3 Rg6 38. Re3 Kf8 39. Rf3 Kg8 40. Re3 Qd7+ 41. Kh2 h6 42. Qc2 Rg5 43. Qe4 Rg4 44. Qe8+ Qxe8 45. Rxe8+ Kh7 46. Bc3 Rc4 47. Be1 Ng5 48. Kg2 Re4 49. Rxe4 Nxe4 50. f3 Nf6 51. Kg3 g5 52. Bd2 Kg6 53. Kh3 h5 54. f4 g4+ 55. Kh4 Kf5 56. Bc1 Nd5 57. Kxh5 Nxb4 58. Kh4 Nd3 59. Be3 Nxf4 60. Kg3 Nd5 61. Bd2 Nf6 62. Be3 Nd7 63. Bf2 Ke4 0-1

[Event "Codogno op 3rd"]
[Site "Codogno"]
[Date "2011.10.15"]
[Round "2"]
[White "Tagliaferri, Valerio"]
[Black "Giuria, Abramo"]
[Result "1-0"]
[WhiteElo "1850"]
[BlackElo "1711"]
[PlyCount "71"]
[EventDate "2011.10.14"]
[EventType "swiss"]
[EventRounds "5"]
[EventCountry "ITA"]
[SourceTitle "CBM 144 Extra"]
[Source "ChessBase"]
[SourceDate "2011.10.28"]
[SourceVersion "1"]
[SourceVersionDate "2011.10.28"]
[SourceQuality "1"]

1. c4 c5 2. Nc3 Nf6 3. g3 Nc6 4. Bg2 e6 5. e4 Be7 6. Nge2 d6 7. 0-0 0-0 8. d3 h6 9. h3 Nh7 10. a3 e5 11. Nd5 Ng5 12. Kh2 f5 13. Nec3 Qd7 14. Nxe7+ Qxe7 15. Qh5 f4 16. Nd5 Qd7 17. gxf4 exf4 18. Bxf4 Ne6 19. Be3 Ne5 20. Qd1 Qf7 21. f4 Nc6 22. b4 b6 23. Ra2 Nc7 24. Nxc7 Qxc7 25. b5 Ne7 26. Qe1 Ng6 27. Qg3 Kh7 28. Raf2 Bb7 29. h4 Ne7 30. Bh3 Bc8 31. Rg1 Rf7 32. f5 Ng8 33. Qg6+ Kh8 34. Bf4 Qd7 35. Rfg2 Nf6 36. Bxh6 1-0